| 000 | 00823nam a2200253 a 4500 | ||
|---|---|---|---|
| 001 | BRL_845 | ||
| 005 | 20190320210924.0 | ||
| 008 | 181013s1984----u--a######---#000-0#eng-# | ||
| 020 | _a029596166X | ||
| 041 | _aeng | ||
| 044 | _au | ||
| 050 | 4 |
_aE.78 _b.M33 1984 |
|
| 100 | 1 |
_aMacnair, Peter L. _925111 |
|
| 245 | 1 | 0 |
_aThe legacy _btradition and innovation in Northwest coastindian art _cPeter L. Macnair, Alan L. Hoover [and] Kevin Neary. |
| 260 |
_aSeattle _bUniversity of Washington Press _c1984 |
||
| 300 |
_a193 p. _bil. (algunas a color), mapas _c23 cm. |
||
| 500 | _aAu972 | ||
| 504 | _aBibliografía: p. 191-193 | ||
| 650 | 1 | 4 |
_aArte indígena _vExposiciones _zCosta Noroeste de América del Norte _925112 |
| 700 | 1 |
_aHovver, Alan L. _925113 |
|
| 700 | 1 |
_aNeary, Kevin _925114 |
|
| 902 | _aGRL | ||
| 942 |
_2lcc _cB |
||
| 999 |
_c9657 _d9657 |
||